| 000 | 01053nam a22002297a 4500 | ||
|---|---|---|---|
| 999 |
_c58209 _d58209 |
||
| 003 | Ge_BSU | ||
| 005 | 20210916110756.0 | ||
| 008 | 210916s2009 ge ||||| |||| 00| 0 geo d | ||
| 020 | _a9788776886851 | ||
| 041 | _ageo | ||
| 080 | _a159.964+299.93 ჰ-13 | ||
| 100 |
_aჰაბარდი, ლ. რონ. _912481 |
||
| 245 |
_aდიანეტიკა: _bთანამედროვე მეცნიერება გონების შესახებ / _c ლ. რონ ჰაბარდი. |
||
| 264 |
_aSmedeland : _bGlostrup : New Era Publications International ApS : A Hubbard Publication, _c2009. |
||
| 300 |
_a689 გვ.; _b24 სმ. |
||
| 440 |
_aნომერ პირველი საერთაშორისო ბესტელერი _912482 |
||
| 500 | _aინდექსები: გვ. 631-685 | ||
| 653 | _aდიანეტიკა | ||
| 653 | _aქვეცნობიერი | ||
| 653 | _a მეცნიერება გონების შესახებ | ||
| 942 |
_2udc _cBK |
||